100 años de arte suizo (Record no. 11019)

MARC details
000 -CABECERA
campo de control de longitud fija 01078nam a22002897a 4500
001 - NÚMERO DE CONTROL
campo de control BRCA_9397
003 - IDENTIFICADOR DEL NÚMERO DE CONTROL
campo de control FranzMayer
005 - FECHA Y HORA DE LA ÚLTIMA TRANSACCIÓN
campo de control 20230918124936.0
008 - DATOS DE LONGITUD FIJA--INFORMACIÓN GENERAL
campo de control de longitud fija 230901b |||||||| |||| 00| 0 eng d
020 ## - NÚMERO INTERNACIONAL ESTÁNDAR DEL LIBRO
Número Internacional Estándar del Libro 9786076054895
040 ## - FUENTE DE LA CATALOGACIÓN
Centro catalogador/agencia de origen MFM
Lengua de catalogación ESPAÑOL
Centro/agencia transcriptor MFM
050 #0 - SIGNATURA TOPOGRÁFICA DE LA BIBLIOTECA DEL CONGRESO
Número de clasificación NK1173.S9
Número de documento/Ítem M87 2017
110 1# - ENTRADA PRINCIPAL--NOMBRE DE ENTIDAD CORPORATIVA
Código de función/relación Responsable
Nombre de entidad corporativa o nombre de jurisdicción como elemento de entrada Museo de arte moderno
9 (RLIN) 29515
240 ## - TÍTULO UNIFORME
Título uniforme 100 años de arte suizo
Medio 100 Years of Swiss Design
Lenguaje de la obra Inglés y español
245 0# - MENCIÓN DE TÍTULO
Título 100 años de arte suizo
Resto del título 100 Years of Swiss Design
260 ## - PUBLICACIÓN, DISTRIBUCIÓN, ETC.
Lugar de publicación, distribución, etc. México
Nombre del editor, distribuidor, etc. Embajada suiza en México
Fecha de publicación, distribución, etc. 2017
300 ## - DESCRIPCIÓN FÍSICA
Extensión 211 p
Otras características físicas Ilustraciones a color
Dimensiones 24 cm
500 ## - NOTA GENERAL
Nota general Anexo 1
500 ## - NOTA GENERAL
Nota general El libro incluye una postal al inicio
505 ## - NOTA DE CONTENIDO CON FORMATO
Nota de contenido con formato Texto en: inglés y españolIncluye índiceIncluye bibliografíaIncluye cronología
650 1# - PUNTO DE ACCESO ADICIONAL DE MATERIA--TÉRMINO DE MATERIA
Fuente del encabezamiento o término Artes visuales
Término de materia o nombre geográfico como elemento de entrada Historia del arte
Subdivisión de forma Diseño
9 (RLIN) 29516
651 2# - PUNTO DE ACCESO ADICIONAL DE MATERIA--NOMBRE GEOGRÁFICO
Fuente del encabezamiento o término Diseño europeo
Nombre geográfico Suiza
Subdivisión de forma arte suizo
9 (RLIN) 29517
700 1# - PUNTO DE ACCESO ADICIONAL--NOMBRE DE PERSONA
Código de función/relación Edi.
Nombre de persona Torres, Francico
9 (RLIN) 29518
700 1# - PUNTO DE ACCESO ADICIONAL--NOMBRE DE PERSONA
Código de función/relación Edi.
Nombre de persona Leon, Luis Miguel
9 (RLIN) 29519
700 1# - PUNTO DE ACCESO ADICIONAL--NOMBRE DE PERSONA
Código de función/relación Trad.
Nombre de persona Ibarra, Daniela
9 (RLIN) 29520
942 ## - ELEMENTOS DE PUNTO DE ACCESO ADICIONAL (KOHA)
Fuente del sistema de clasificación o colocación Library of Congress Classification
Tipo de ítem Koha Libros
Holdings
Estado de retiro Estado de pérdida Fuente del sistema de clasificación o colocación Estado dañado No para préstamo Código de colección Localización permanente Ubicación/localización actual Fecha de adquisición Total de préstamos Signatura topográfica completa Código de barras Fecha visto por última vez Precio válido a partir de Tipo de ítem Koha
El ejemplar forma parte de la colección y puede ser consultado según las políticas vigentes.   Library of Congress Classification     Fondo Contemporáneo Biblioteca del Museo Franz Mayer (Rogerio Casas-Alatriste) Biblioteca del Museo Franz Mayer (Rogerio Casas-Alatriste) 01/09/2023   NK1173.S9 M87 2017 CONT10166 01/09/2023 01/09/2023 Libros